[Event "RSA-ch U14 Girls"]
[Site "Gauteng"]
[Date "2017.04.07"]
[Round "5"]
[White "Milford, Zoe Melissa"]
[Black "Booysen, Tineke"]
[Result "1-0"]
[WhiteElo "1129"]
[BlackElo "1375"]
[PlyCount "117"]
[EventDate "2017.04.05"]
[EventType "swiss"]
[EventRounds "11"]
[EventCountry "RSA"]
[SourceTitle "CBM 177 Extra"]
[Source "ChessBase"]
[SourceDate "2017.04.27"]
[SourceVersion "1"]
[SourceVersionDate "2017.04.27"]
[SourceQuality "1"]

1. e4 e6 2. d4 d5 3. e5 c5 4. c3 b6 5. g3 Ba6 6. Bg2 Nc6 7. a3 Be7 8. Nf3 f6 9. Bf4 Qd7 10. b4 cxd4 11. cxd4 b5 12. Nc3 Rc8 13. Rc1 Bd8 14. 0-0 Qf7 15. Qe2 fxe5 16. Bxe5 Qb7 17. Nxd5 Nxe5 18. Qxe5 Rxc1 19. Qxe6+ Ne7 20. Rxc1 Qxd5 21. Qxa6 Bb6 22. Ne5 Qxd4 23. Qxb5+ Kf8 24. Nd7+ Kf7 25. Qh5+ g6 26. Qf3+ Kg7 27. Rd1 Qb2 28. Nxb6 axb6 29. Qb7 Qf6 30. a4 Rf8 31. f4 g5 32. Re1 Rf7 33. Qe4 gxf4 34. gxf4 Ng6 35. a5 bxa5 36. bxa5 Re7 37. Qb1 Rxe1+ 38. Qxe1 Qd4+ 39. Qf2 Qa1+ 40. Bf1 Qxa5 41. Qg3 Qc5+ 42. Kg2 Qd5+ 43. Kg1 Qd4+ 44. Kg2 Qd2+ 45. Kf3 Qd1+ 46. Be2 Qd5+ 47. Kg4 Qe6+ 48. Kf3 Qd5+ 49. Kf2 Qd4+ 50. Kg2 Kh8 51. f5 Nf4+ 52. Kf3 Nxe2 53. Qb8+ Kg7 54. Kxe2 Qe4+ 55. Kd2 Qxf5 56. Qc7+ Kg6 57. Qg3+ Qg5+ 58. Ke2 Kf5 59. Qd3+ 1-0

[Event "RSA-ch U14 Girls"]
[Site "Gauteng"]
[Date "2017.04.05"]
[Round "1"]
[White "Milford, Zoe Melissa"]
[Black "De Villiers, Lisa Marie"]
[Result "0-1"]
[WhiteElo "1129"]
[BlackElo "869"]
[PlyCount "53"]
[EventDate "2017.04.05"]
[EventType "swiss"]
[EventRounds "11"]
[EventCountry "RSA"]
[SourceTitle "CBM 177 Extra"]
[Source "ChessBase"]
[SourceDate "2017.04.27"]
[SourceVersion "1"]
[SourceVersionDate "2017.04.27"]
[SourceQuality "1"]

1. e4 e5 2. Nf3 Nc6 3. d4 exd4 4. Nxd4 Nf6 5. Nc3 Bc5 6. Be3 Bxd4 7. Bxd4 d5 8. e5 Ne4 9. Bb5 0-0 10. f3 Nxc3 11. Bxc3 d4 12. Bd2 Nxe5 13. Qe2 c6 14. 0-0-0 Re8 15. Bd3 Nxd3+ 16. Qxd3 Be6 17. Kb1 b5 18. g4 Bc4 19. Qf5 d3 20. c3 Be6 21. Qg5 Qa5 22. b3 Qa3 23. Bc1 Qa6 24. Qf4 Rad8 25. Qe3 Bxg4 26. Qg5 Bxf3 27. Rhg1 0-1